000 00831nam a22002897a 4500
001 BR8302347
003 BR-BrBNA
005 20230928091644.0
007 ta
008 230509b bl.||||| |||| 00| 0 por d
040 _aBR-BrBNA
_bpor
_cBiblioteca Nacional de Agricultura
041 _a(Por)
072 _aM10
_b8100
_b/G514
090 _ 8100 BR8302347
110 1 _aFundacao Centro Estadual de Planejamento Agricola, Salvador, BA (Brasil)
_94810
245 1 _aSituacao atual da piscicultura no estado da Bahia [Brasil]
260 3 _aSalvador, BA (Brasil):
_c1983.
300 _a51 p.
500 _aMap, scale 1:250,000; 3 tables
650 _aPEIXE
650 _aVIVEIRO
650 _aADMINISTRACAO PESQUEIRA
650 _aPISCICULTURA
650 _aBAHIA
909 _a202309
_bLucia
_c55
_dLucia Elande
942 _cBK
999 _c34866
_d34866